Loading...

India's Population: Aspects of quality and control vol.2

Bibliographic Details
Main Author: Asok Mitra
Format: Printed Book
Language:Undetermined
Published: Abhinav 1978
New Delhi
Subjects:
LEADER 00605nam a2200217Ia 4500
008 141122s9999 xx 000 0 und d
040 |c . 
041 |a English 
082 |a 304.6 
082 |b ASO/IN 
100 |a Asok Mitra 
245 |a India's Population: Aspects of quality and control vol.2 
245 |c Asok Mitra 
260 |b Abhinav 
260 |b New Delhi 
260 |c 1978 
300 |a 929 Pages 
650 |a Extension 
942 |c BK 
999 |c 17833  |d 17833 
952 |0 0  |1 0  |4 0  |6 304_600000000000000_ASOIN  |7 0  |9 17511  |a COVAS  |b COVAS  |d 0000-00-00  |o 304.6 ASO/IN  |p 10319  |r 2014-11-26  |w 2014-11-26  |y BK